000 00469pam a2200169 4500
001 5516
005 20181127175701.0
008 850215t19851984nyu 000 1 eng
010 _a 85004395
020 _a9780007892211
_c
100 1 _aMacLean, Alistair,
_d1922-1987.
245 1 0 _aSan Andreas /
_cAlistair MacLean.
260 _aLondon :
_bHarper,
_c2011.
300 _a376 p. ;
_c22 cm.
650 0 _aWorld War, 1939-1945
_xFiction.
999 _c4642
_d4642